02290nam a22003017a 4500001000400000003000400004005001700008008004100025020001800066040000800084041001300092082001500105100003300120240002100153245009700174260003300271300001100304520149400315650002501809650001301834650001501847650001701862650002201879655001201901655001601913700002901929700003001958405OSt20250528074019.0250506b |||||||| |||| 00| 0 eng d a9788501302755 bpor hengapor a813bS544v1 aSheldon, Sidney,d1917-2007. aThe Silent Widow aA viúva Silenciosa /cSheldon, Sidney ; Bagshawe, Tilly ; Tradução de: Ãngelo Lessa a2018bRecordcRio de Janeiro a448 p. aA saga de uma mulher marcada em busca da própria sobrevivência é trama do novo romance de Sidney Sheldon e Tilly Bagshawe. Charlotte Clancy, uma jovem au pair americana, desaparece sem deixar vestígios na Cidade do México. O caso acaba sendo arquivado, mas suas consequências são devastadoras. Uma década depois, um assassino perigoso está à solta nas ruas de Los Angeles. E já fez duas vítimas. Mas o único elo em comum entre elas é a psicóloga Nikki Roberts. Nikki ainda está muito abalada com a recente morte do marido. E sua vida sofre outra reviravolta quando uma de suas pacientes, Lisa Flannagan, e o rapaz que Nikki considerava como filho, Treyvon Raymond, são brutalmente assassinados. Mas, apenas quando sofre um atentado é que a psicóloga tem certeza de que ela é o verdadeiro alvo desse assassino impiedoso. Atormentada por um acontecimento do passado e vendo a polícia em um beco sem saída, Nikki contrata o detetive particular Derek Williams, um homem que não tem medo de sujar as mãos. Ele trabalhara no caso de Charlotte Clancy, mas agora, anos depois, encontra nas anotações de Nikki Roberts um nome que chama sua atenção, e essa nova investigação o conduz a um caminho perigoso de volta ao passado. Numa cidade corrupta, onde não se sabe quem é inimigo e quem é amigo, Nikki Roberts precisa correr contra o tempo para descobrir a verdade por trás desses crimes antes que ela seja a próxima vítima. 0aLiteratura Americana 0aSuspense 0aMistério 0aAssassinatos 0aRomance Policial  0aRomance 0aFicção  aÃngelo LessaeTRADUTOR1 aBagshawe, TillyeCoautora